000 03041cam a22011654i 4500
003 PE-LiUPU
005 20250813185505.0
008 150625s1984 sp a rb 000 0 spa d
035 _a(Sirsi) a35019
040 _aPE-LiUPU
_bspa
_cPE-LiUPU
_erda
082 0 4 _a371.2
_bR85
_221
100 1 _aRotger Amenguel, Bartolome,
_eautor.
245 1 4 _aLos Departamentos Didacticos /
_cBartolome Rotger Amenguel.
264 1 _aMadrid :
_bIriarte S.A,
_c1984.
300 _a199 páginas :
_bilustraciones ;
_c21 centímetros
336 _atext
_2rdacontent
337 _aunmediated
_2rdamedia
338 _avolume
_2rdacarrier
504 _aBibliografía al final de cada capítulo.
505 0 _aLos objetivos generales de centro -- El plan de centro, su evaluación y la memoria final -- La estrcucturación organizativa del centro escolar -- El departamento: concepto y funciones -- Estrucutura y funcionamiento del departamento -- Realización de tareas en los departamentos de ciencias, de letras y de orientación (Modelos prácticos).
526 _aP202
526 _aP201
526 _aP163
526 _aP162
526 _aP161
526 _aP160
526 _aP148
526 _aP147
526 _aP146
526 _aP145
526 _aP144
526 _aP143
526 _aP142
526 _aP141
526 _aP140
526 _aP139
526 _aP138
526 _aP137
526 _aP136
526 _aP135
526 _aP134
526 _aP133
526 _aP129
526 _aP128
526 _aP127
526 _aP120
526 _aP119
526 _aP118
526 _aP116
526 _aP115
526 _aP114
526 _aP110
526 _aP109
526 _aP108
526 _aP104
526 _aP103
526 _aP102
526 _aP99
526 _aP98
526 _aP97
526 _aP96
526 _aP95
526 _aP93
526 _aP90
526 _aP89
526 _aP88
526 _aP83
526 _aP82
526 _aP62
526 _aP59
526 _aP58
526 _aP57
526 _aP51
526 _aP49
526 _aP48
526 _aP47
526 _aP29
526 _aP24
526 _aP20
526 _aP19
526 _aP17
526 _aP15
526 _aP14
526 _aP12
526 _aP10
526 _aP09
526 _aP08
526 _aP07
526 _aP06
526 _aP05
526 _aP04
526 _aP01
650 0 4 _aEscuelas
_xDepatamentos didácticos.
910 _bksl
_cksl
_d20190515
942 _2ddc
_cBOOK
949 _a371.2 R85
_wDEWEY
_c1
_i28210
_lCCODEBUL1
_mBUL
_p12.00
_r0
_sY
_tBOOK
_u2015-06-25
_xBIBLIOTECA
_zUNKNOWN
_0COMPRA
_o.STAFF. Colección General
596 _a1
999 _a371.2 R85
_wDEWEY
_c42940
_i28210
_d42940
_f2021-11-9
_g6
_lCCODEBUL1
_mBUL
_p12.00
_q1
_r0
_sY
_tBOOK
_u2015-6-25
_xEDUCACION
_zUNKNOWN
_0COMPRA
_o.STAFF. Colección General
980 _81
_gALBERTO SANCHEZ Responsable de Automatización